Explotación racional del colmenar /
Guardado en:
| Autor Principal: | |
|---|---|
| Formato: | Libro |
| Publicado: |
Barcelona :
Sintes,
1981
|
| Edición: | 3a. ed. |
| Materias: | |
| Etiquetas: |
Agregar Etiqueta
Sin Etiquetas, Sea el primero en etiquetar este registro!
|
| LEADER | 00508nam a22001815a 4500 | ||
|---|---|---|---|
| 001 | CEM.cems016846 | ||
| 005 | 20131011160833.0 | ||
| 008 | 130507s1981##################000#0#####d | ||
| 003 | CEMS | ||
| 082 | 0 | 4 | |a 638.1 |
| 100 | 1 | |a Roma Fábrega, A | |
| 245 | 1 | 0 | |a Explotación racional del colmenar / |c A Roma Fábrega, |
| 250 | |a 3a. ed. | ||
| 260 | |a Barcelona : |b Sintes, |c 1981 | ||
| 300 | |a 349 p. | ||
| 653 | |a Colmenas | ||
| 653 | |a Apicultura | ||
| 859 | |a CEMS |b BIB. CEMS - Agricultura |h 638.1 |i R66a3 |p A18197.95 |t Ej.1 |v 1 |3 Vol. 1 | ||
